MARC

LEADER 00000nam0a2200000 4500
001 674019
005 20240812094958.0
090 |a 674019 
100 |a 20240812d1978 km|y0rusy50 ca 
101 0 |a rus 
102 |a TM 
105 |a y z 001yy 
181 0 |a i   |b  e  
182 0 |a n 
183 0 |a nc  |2 RDAcarrier 
200 1 |a Геология и условия формирования гидротермальных оруденений копетдага  |e монография  |f М. Беркелиев  |g Туркменский политехнический институт 
203 |a Текст  |b визуальный  |c непосредственный 
210 |a Ашхабад  |c Ылым  |d 1978 
215 |a 220 с. 
283 |a volume  |2 RDAcarrier 
320 |a Литература: с.209-217 
606 1 |a Рудные месторождения, гидротермальные  |9 50009 
610 1 |a геология 
610 1 |a геологическое строение 
610 1 |a Копетдаг 
610 1 |a Туркменистан 
610 1 |a гидротермальное оруденение 
610 1 |a минералогия 
610 1 |a Копетдагские гидротермальные образования  
610 1 |a самородные элементы 
610 1 |a сульфиды 
610 1 |a сульфосоли 
610 1 |a окислы 
610 1 |a карбонаты 
610 1 |a сульфаты 
610 1 |a силикаты 
610 1 |a геохимия 
610 1 |a литология 
610 1 |a разрывные нарушения 
610 1 |a генезис 
610 1 |a гидротермальные растворы 
610 1 |a монографии 
675 |a 553.3/.4.06  |v 4 
700 1 |a Беркелиев  |b М.  |g Мурат 
712 0 2 |a Туркменский политехнический институт  |c (Ашхабад)  |4 570  |9 25924 
801 0 |a RU  |b 63413507  |c 20240812 
830 |a Ретро2024Каталогизация Кузнецова 
850 |a 63413507 
942 |c BK